Joueurs naturalisés ayant joué avec l'équipe de France de rugby à XV. - Statistiques

Statistiques générales
  • Ce quiz a été pris 48 fois
  • Le résultat moyen est 10 sur 15
Statistiques - réponses
Par images Hint Réponse % Correct
16 sélections Emmanuel meafou
95%
68 sélections Uini Atonio
93%
32 sélections Paul Willemse
90%
32 sélections Virimi Vakatawa
90%
11 sélections Rory Kockott
88%
5 sélections Alivereti Raka
85%
47 sélections Bernard Le Roux
80%
23 sélections Scott Spedding
80%
2 sélections Tevita Tatafu
73%
15 sélections Noa Nakaitaci
55%
78 sélections Abdelatif Benazzi
50%
69 sélections Pieter de Villiers
50%
1 sélection Giorgi Beria
43%
2 sélections Jacobus van Tonder
43%
6 sélections Antonie Claassen
28%
Aucun quiz correspondant
Distribution des résultats
% des personnes avec chaque résultat
Percentile par nombre de réponses
Votre historique - résultats
Vous n’avez pas pris ce quiz